=LDR 00000nam 2200000 4500 =001 INLIS000000000008555 =005 20130612100416 =008 ***********************************Ind** =035 ##$$0010-061300000008555 =041 ##$$a Ind =082 ##$$a 372.6 =090 ##$$a 372.6, Luk p =100 ##$$a Lukman =245 ##$$a Pelajaran Bhs Indonesia 3B, Lukman, BA =260 ##$$a 2001 $b Jakarta =300 ##$$a 112 hlm, 28 cm =650 ##$$a Bhs Indonesia